| 000 | 00000nam 2200000zi 4500 |
| 001 | 9.931100 |
| 003 | CaOODSP |
| 005 | 20240111145443 |
| 006 | m o d f |
| 007 | cr mn||||||||| |
| 008 | 231204s2023 oncab ob f000 0 eng d |
| 020 | |a9780660691589 |
| 040 | |aCaOODSP|beng|erda|cCaOODSP |
| 043 | |an-cn-bc |
| 045 | |ay1y2 |
| 086 | 1 |aCW69-21/33-1-2023E-PDF |
| 245 | 00|aImplementation report : |bmulti-species action plan for Pacific Rim National Park Reserve of Canada (2017-2022). |
| 264 | 1|aOttawa : |bParks Canada = Parcs Canada, |c2023. |
| 300 | |a1 online resource (iv, 15 pages) : |bcolour illustrations, colour maps. |
| 336 | |atext|btxt|2rdacontent |
| 337 | |acomputer|bc|2rdamedia |
| 338 | |aonline resource|bcr|2rdacarrier |
| 490 | 1 |aSpecies at Risk Act action plan series |
| 500 | |aIssued also in French under title: Rapport de mise en œuvre : plan d'action visant des espèces multiples dans la réserve de parc national du Canada Pacific Rim (2017-2022). |
| 504 | |aIncludes bibliographical references. |
| 520 | |a"This document reports on implementation of the Multi-species Action Plan for Pacific Rim National Park Reserve of Canada between 2017 and 2022, assesses progress towards meeting its population and distribution objectives, and evaluates its socio-economic impacts. It addresses 38 species, including 19 SARA-listed Extirpated, Endangered, and Threatened species (for which an action plan is required) as well as 17 SARA-listed Special Concern species. Additional species of conservation concern included are Yellow Sand-verbena (the host plant for the Sand-verbena Moth) and Silky Beach Pea (COSEWIC assessed as Threatened)"--Context, page 1. |
| 650 | 0|aWildlife management|zBritish Columbia|zPacific Rim National Park Reserve. |
| 650 | 0|aWildlife recovery|zBritish Columbia|zPacific Rim National Park Reserve. |
| 710 | 2 |aParks Canada, |eissuing body. |
| 775 | 08|tRapport de mise en œuvre : |w(CaOODSP)9.931102 |
| 795 | |tMulti-species action plan for Pacific Rim National Park Reserve of Canada |w(CaOODSP)9.833115 |
| 830 | #0|aSpecies at Risk Act action plan series.|w(CaOODSP)9.505704 |
| 856 | 40|qPDF|s3.84 MB|uhttps://publications.gc.ca/collections/collection_2024/pc/CW69-21-33-1-2023-eng.pdf |
| 856 | 4 |qHTML|sN/A|uhttps://www.canada.ca/en/environment-climate-change/services/species-risk-public-registry/report-progress-recovery-document/pacific-rim-2017-2022.html |